000 00669nam a2200241Ia 4500
003 OSt
005 20220918210302.0
006 a|||||r|||| 00| 0
007 ta
008 220917b |||||||| |||| 00| 0 eng d
024 _a119,949
037 _cTextual
040 _aARTS
_cARTS
_beng
041 _2eng
_aeng
082 _aV687:25wN26, K6-;1-;2
100 _aBarnett D
_9117731
245 0 _aMau Mau from within
_b Autobiography and analysis of Kenya's peasant revolt
260 _c1966
650 _aHISTORY
700 _a Najama K
_9117732
942 _hV687:25wN26, K6-;1-;2
_cTEXL
_2CC
999 _c243207
_d243207